| 000 | 00689aas a2200169 4500 | ||
|---|---|---|---|
| 999 |
_c50512 _d50512 |
||
| 001 | 768714001 | ||
| 003 | CO-MdFUSB | ||
| 005 | 20170929154503.0 | ||
| 008 | 170929s1994 xcr||||| |||| 00| 0 spa d | ||
| 040 |
_bspa _aCO-MdFUSB _cCO-MdFUSB _dCO-MdFUSB |
||
| 041 | _aspa | ||
| 100 | 1 |
_aZelaya, Hugo M. _eautor |
|
| 245 | 1 | 0 |
_aEl desarrollo de Pedro : _bhay un trato de Dios bien definido para toso siervo suyo. La vida de Pedro nos sirve de ejemplo y de ánimo en nuestro propio crecimiento _c/ Zelaya, Hugo M. |
| 300 |
_aVolumen 3. Número 6 (1994), páginas 85-89 _c: 28 cm |
||
| 773 | 0 |
_tConquista Cristiana _049446 _960316 _gVolumen 3. Número 6 (1994), páginas 85-89 _qPágina 85 |
|
| 942 | _cANA | ||